000 00485nam a2200181 i 4500
001 bgj
100 1 _aMALKOC, Anna Maria
245 1 0 _aEasy plays in English /
_cAnna Maria Malkoc.
260 _aWarszawa :
_bWydawnictwa Szkolne i Pedagogiczne,
_c1986.
300 _a198, [2] pp :
_bill. ;
_c21 cm.
650 9 _aPlays in English
020 _a8302029971
040 _cBPK
041 0 _aeng
920 _a83-02-02997-1
942 _cKS
008 s uk f |000 0 eng
999 _c47416
_d47416
856 _uhttp://koha.tu.koszalin.pl/cgi-bin/koha/opac-detail.pl?biblionumber=47416
_yKatalog online BPK